000 01036nam0a22002771 4500
001 rc\3032654
005 20250806201703.0
035 _a(NLR Aleph) 007173506
090 _a13663
_c13663
100 _a20111003d1941 u y0rusy50 ca
101 0 _arus
102 _aRU
105 _ay g |||||
200 1 _aКраткий справочник торговых накидок, скидок и гужнадбавок
_fСост. А.А. Спасский, В.М. Востриков
210 _aГорький
_cГорьк. облпотребсоюз
_d1941
215 _a90 с.
_d21 см
225 1 _aВ помощь низовым работникам потребкооперации
_fГорьк. обл. потреб. союз
700 1 _aСпасский
_bА.А.
701 1 _aВостриков
_bВ.М.
801 0 _aRU
_bNLR
_gpsbo
801 1 _aRU
_bELAR
_2rusmarc
852 _aNLR
_jЭк80 Г-4/20
942 _cBOOK
945 _aРоссийская национальная библиотека
980 _aNB
980 _aBV